000 00285nam a22001217a 4500
008 180110b xxu||||| |||| 00| 0 eng d
041 _aeng
080 _a37
100 _a46
101 _aEDU
245 _aTeaching Readings in today's elementary schools
_cBURNS,P.C
942 _2udc
_cBK
999 _c40037
_d40037